| 000 | 00514nam a22001817a 4500 | ||
|---|---|---|---|
| 003 | OSt | ||
| 005 | 20130625105407.0 | ||
| 008 | 130625s1989 sp ||||| |||| 00| 0 cat d | ||
| 020 | _a8423204014 | ||
| 040 | _cCDMR | ||
| 100 | 1 |
_913 _aFigueres i Artigues, Josep Maria |
|
| 245 | 1 | 3 |
_aLa premsa catalana _b: apreciació històrica _cJosep M. Figueres |
| 260 |
_aBarcelona _bRafael Dalmau _c1989 |
||
| 300 |
_a120 p _bil. col. |
||
| 490 |
_aNissaga _v9 |
||
| 650 | 0 | 4 |
_91524 _aPremsa _xHistòria _zCatalunya |
| 942 |
_2udc _cMON |
||
| 999 |
_c6522 _d6522 |
||